Operating System Principles (Record no. 5157)

MARC details
000 -LEADER
fixed length control field 00416nam a22001697a 4500
005 - DATE AND TIME OF LATEST TRANSACTION
control field 20160702102655.0
008 - FIXED-LENGTH DATA ELEMENTS--GENERAL INFORMATION
fixed length control field 160702b xxu||||| |||| 00| 0 eng d
020 ## - INTERNATIONAL STANDARD BOOK NUMBER
ISBN 978-81-265-0962-1
041 ## - LANGUAGE CODE
Language code of text/sound track or separate title eng
082 ## - DEWEY DECIMAL CLASSIFICATION NUMBER
Item number 20906
100 ## - MAIN ENTRY--AUTHOR NAME
Personal name Silberschetz, Abraham and others
245 ## - TITLE STATEMENT
Title Operating System Principles
260 ## - PUBLICATION, DISTRIBUTION, ETC. (IMPRINT)
Name of publisher Willy
300 ## - PHYSICAL DESCRIPTION
Number of Pages 862
650 ## - SUBJECT ADDED ENTRY--TOPICAL TERM
Topical Term Information Technolocy
942 ## - ADDED ENTRY ELEMENTS (KOHA)
Koha item type Books
Holdings
Lost status Damaged status Collection code Home library Current library Shelving location Date acquired Source of acquisition Full call number Accession Number Koha item type
    CS/IT JRU Library JRU Library SHELF-52-E 02/07/2016 DONATION 20906 20906 Books